Central Library OPAC University of Rajshahi

Preparation, properties, and technology of fluorine and organic fluoro compounds. (Record no. 11238)

MARC details
000 -LEADER
fixed length control field 01111cam a2200313I 4500
001 - CONTROL NUMBER
control field 11238
003 - CONTROL NUMBER IDENTIFIER
rucl marc code BD-RjUL
005 - DATE AND TIME OF LATEST TRANSACTION
control field 20211208235107.0
008 - FIXED-LENGTH DATA ELEMENTS--GENERAL INFORMATION
fixed length control field 140126s1951 nyua b 00110 eng
035 ## - SYSTEM CONTROL NUMBER
System control number BD-RjUL
040 ## - CATALOGING SOURCE
Original cataloging agency DLC
Transcribing agency WSU
Modifying agency m.c.
-- SER
-- (BD-RjUL)
Language of cataloging eng
041 ## - LANGUAGE CODE
Language code of text/sound track or separate title eng
082 ## - DEWEY DECIMAL CLASSIFICATION NUMBER
Edition number 16
Classification number 547.8
Author mark and year SLE 1951
090 ## - LOCALLY ASSIGNED LC-TYPE CALL NUMBER (OCLC); LOCAL CALL NUMBER (OCLC)
Classification number (OCLC) (R) ; Classification number, CALL (RLIN) (NR) QD412.F1
Local cutter number (OCLC) ; Book number/undivided call number, CALL (RLIN) F51
100 1# - MAIN ENTRY--PERSONAL NAME
Personal name Slesser, Charles
Dates associated with a name 1915-
9 (RLIN) 34776
245 10 - TITLE STATEMENT
Title Preparation, properties, and technology of fluorine and organic fluoro compounds.
Statement of responsibility, etc. Editor: Charles Slesser; associate editor: Stuart R. Schram.
250 ## - EDITION STATEMENT
Edition statement 1st ed.
260 ## - PUBLICATION, DISTRIBUTION, ETC. (IMPRINT)
Place of publication, distribution, etc. New York :
Name of publisher, distributor, etc. McGraw-Hill ,
Date of publication, distribution, etc. 1951.
300 ## - PHYSICAL DESCRIPTION
Pagination xxiii, 868 p. :
Illustrations illus. ;
Size 24 cm.
490 1# - SERIES STATEMENT
Series statement National nuclear energy series. Manhattan Project technical section. Division VII: Materials Procurement Project,
Volume/sequential designation v. 1.
504 ## - BIBLIOGRAPHY, ETC. NOTE
Bibliography, etc Includes bibliographies.
650 #0 - SUBJECT ADDED ENTRY--TOPICAL TERM
Topical term or geographic name as entry element Fluorine.
9 (RLIN) 31875
Topical term or geographic name as entry element Organofluorine compounds.
9 (RLIN) 31393
700 10 - ADDED ENTRY--PERSONAL NAME
Personal name Schram, Stuart R.,
Relator term joint ed.
830 #0 - SERIES ADDED ENTRY--UNIFORM TITLE
Volume number/sequential designation v. 1.
830 #0 - SERIES ADDED ENTRY--UNIFORM TITLE
Uniform title National nuclear energy series.
942 ## - ADDED ENTRY ELEMENTS (KOHA)
Source of classification or shelving scheme Dewey Decimal Classification
Koha item type Books
Holdings
Lost status Source of classification or shelving scheme Damaged status Not for loan Collection code Permanent Location Current Location Shelving location Date acquired Source of acquisition Cost, normal purchase price Total Checkouts Full call number Date last seen Copy number Koha item type
  Dewey Decimal Classification   Not For Loan Non-fiction Central Library, University of Rajshahi Central Library, University of Rajshahi Reading Room 19/09/1957 Publishers uniteded LTD 78.00   547.8 SLP 1951 26/01/2014 C-1 Books